000 00345nam a22001457a 4500
008 230601b ||||| |||| 00| 0 eng d
020 _a9780073223575
041 _aeng
080 _2SECOND EDITION
_a338
082 _a338JON
100 _a22
101 _aMBE
245 _aESSENTIALS OF CONTEMPORARY MANAGEMENT
_cJONES.R.G
942 _2udc
_cBK
999 _c59906
_d59906